Pays qui produisent le plus d'avions - Statistiques

Statistiques générales
  • Ce quiz a été pris 766 fois
  • Le résultat moyen est 9 sur 10
Statistiques - réponses
Nombre d'avions Pays % Correct
72 France
100%
768 États-Unis
99%
349 Chine
98%
64 Allemagne
92%
171 Russie
91%
89 Royaume-Uni
88%
33 Japon
87%
114 Canada
84%
34 Brésil
78%
28 Italie
77%
Aucun quiz correspondant
Distribution des résultats
% des personnes avec chaque résultat
Percentile par nombre de réponses
Votre historique - résultats
Vous n’avez pas pris ce quiz